000 00480nam a2200181Ia 4500
001 13661
005 20260306164817.0
008 260306t1997||||xx |||||||||||||| ||spa||
041 _aESP
082 _aS 005.1
_bV36D
100 _aVásquez Paragulla, Julio
_eAUT
245 0 _aDiseño de programación:
_b200 algoritmos y un proyecto de aplicación
260 _c1997
300 _axv, 665 páginas :
_c22 cm.
650 _aGEN
654 _aCCC
942 _cLIB
_dJUS
_fJUS
_2ddc
_n
999 _c13661
_d13661